Statistics for U.S. Island Counties

Click here to take the quiz!

General Stats

  • This quiz has been taken 15 times
  • The average score is 10 of 23

Answer Stats

StateBody of WaterCounty% Correct
New YorkHudson River/East RiverNew York
80%
HawaiiPacific OceanHawaii
73%
MassachusettsAtlantic OceanNantucket
73%
HawaiiPacific OceanHonolulu
67%
New YorkAtlantic Ocean/Long Island SoundQueens
67%
HawaiiPacific OceanKauai
60%
HawaiiPacific OceanMaui
60%
New YorkAtlantic Ocean/Long Island SoundNassau
60%
New YorkAtlantic Ocean/Long Island SoundKings
53%
MassachusettsAtlantic OceanDukes
47%
Rhode IslandNarragansett BayNewport
47%
New YorkAtlantic Ocean/Long Island SoundSuffolk
47%
FloridaGulf of MexicoMonroe
40%
New YorkLower New York Bay, Arthur KillRichmond
40%
WashingtonPuget SoundIsland
33%
WashingtonPuget SoundSan Juan
33%
VermontLake ChamplainGrand Isle
27%
AlaskaGulf of AlaskaSitka
27%
AlaskaGulf of AlaskaKodiak Island
20%
AlaskaPacific OceanAleutians West
13%
HawaiiPacific OceanKalawao
13%
MichiganLake SuperiorKeweenaw
13%
AlaskaGulf of AlaskaPrince of Wales–Hyder
13%

Score Distribution

Percentile by Number Answered

Percent of People with Each Score

Your Score History

You have not taken this quiz